000 00561nam a2200169Ia 4500
008 240729s9999 xx 000 0 und d
022 _a2083-8514
245 0 _aArchives of Mechanics
260 _aPoland
260 _bInstitute of Fundamental Technological Research Polish Academy of Sciences
650 _a Engineering (General). Civil engineering (General) | Technology
650 _a Mechanical engineering and machinery
650 _aTechnology
856 _uhttps://doaj.org/toc/573977ce3e3a451789290f4303f8ec6b
942 _2ddc
942 _cDOAJEJ
999 _c68928
_d68928
945 _a1
_bMadushi Gamage
_c1
_dMadushi Gamage